[Event "BL 0708 Bindl-Aktionär - Solinger SG"]
[Site "?"]
[Date "2007.12.08"]
[Round "6.5"]
[White "Hoffmann, Michael"]
[Black "Slobodjan, Roman"]
[Result "1/2-1/2"]
[WhiteElo "2471"]
[BlackElo "2547"]
[PlyCount "145"]
[EventDate "2007.??.??"]

1. e4 e5 2. Nf3 Nc6 3. Bb5 Nf6 4. O-O Nxe4 5. d4 Nd6 6. Bxc6 dxc6 7. dxe5 Nf5
8. Qxd8+ Kxd8 9. Nc3 Ne7 10. h3 Bd7 11. b3 h6 12. Bb2 Kc8 13. Rad1 b6 14. Rd3
c5 15. Rfd1 Be6 16. Rd8+ Kb7 17. Rxa8 Kxa8 18. g4 Kb7 19. Kg2 Ng6 20. Kg3 Be7
21. Nd5 Bd8 22. Ne3 Kc8 23. Nf5 Rh7 24. Ng1 h5 25. Ne2 hxg4 26. hxg4 Bd7 27.
Nf4 Nxf4 28. Kxf4 g6 29. Ne3 Rh3 30. c4 Bh4 31. Rd2 Rh2 32. Kf3 Bg5 33. Re2
Bxe3 34. Rxe3 Rh4 35. Re4 Bc6 36. Kg3 Bxe4 37. Kxh4 Kd7 38. Kg5 Ke6 39. f4 Bc2
40. Bc3 a5 41. Be1 Bb1 42. a3 Bd3 43. Bg3 Bc2 44. Bh2 c6 45. Bg3 Bxb3 46. f5+
gxf5 47. gxf5+ Ke7 48. e6 Bxc4 49. exf7 Bxf7 50. Bc7 b5 51. Bxa5 Kd6 52. Kf4
Kd5 53. Ke3 Kc4 54. Bb6 b4 55. Kd2 Kb5 56. Bd8 Bg8 57. Be7 Bh7 58. Kc2 Ka4 59.
axb4 cxb4 60. Kb2 Bg8 61. Bf8 Kb5 62. Be7 Bd5 63. Bf8 c5 64. Be7 c4 65. Bf6 Kc5
66. Be7+ Kb5 67. Bf6 Kc6 68. Bg7 Bg8 69. Bf6 Kd5 70. Be7 c3+ 71. Kb3 Kd4+ 72.
Kxb4 c2 73. Bg5 1/2-1/2

[Event "BL 0708 Bindl-Aktionär - Solinger SG"]
[Site "?"]
[Date "2007.12.08"]
[Round "6.7"]
[White "Ernst, Sipke"]
[Black "Stohl, Igor Dr"]
[Result "1/2-1/2"]
[WhiteElo "2539"]
[BlackElo "2545"]
[PlyCount "41"]
[EventDate "2007.??.??"]

1. d4 Nf6 2. c4 e6 3. g3 Bb4+ 4. Bd2 Be7 5. Bg2 d5 6. Nf3 O-O 7. O-O c6 8. Bf4
Nbd7 9. Qc2 b6 10. Nc3 Bb7 11. Rfd1 Rc8 12. Ne5 Nh5 13. Bc1 Qc7 14. Nxd7 Qxd7
15. e4 dxc4 16. Qe2 Nf6 17. Qxc4 c5 18. dxc5 Qc7 19. Qe2 Bxc5 20. Bf4 e5 21.
Bg5 1/2-1/2

[Event "BL 0708 Bindl-Aktionär - Solinger SG"]
[Site "?"]
[Date "2007.12.08"]
[Round "6.8"]
[White "Schneider, Ilja"]
[Black "Gabriel, Christian"]
[Result "1/2-1/2"]
[WhiteElo "2442"]
[BlackElo "2508"]
[PlyCount "46"]
[EventDate "2007.??.??"]

1. e4 e5 2. Nf3 Nc6 3. Bb5 a6 4. Ba4 Nf6 5. O-O Be7 6. Re1 b5 7. Bb3 d6 8. c3
O-O 9. d4 Bg4 10. Be3 exd4 11. cxd4 Na5 12. Bc2 c5 13. dxc5 dxc5 14. Nc3 Nc4
15. e5 Qxd1 16. Raxd1 Nd7 17. Bc1 Ra7 18. Be4 Ncxe5 19. Nxe5 Nxe5 20. f3 Be6
21. Bd5 Bxd5 22. Nxd5 f6 23. Bf4 Bd6 1/2-1/2

[Event "BL 0708 Erfurter SK - SV Wattenscheid"]
[Site "?"]
[Date "2007.12.08"]
[Round "6.1"]
[White "Najer, Evgeniy"]
[Black "Kraemer, Martin"]
[Result "1-0"]
[WhiteElo "2635"]
[BlackElo "2436"]
[PlyCount "119"]
[EventDate "2007.??.??"]

1. e4 c5 2. Nf3 d6 3. d4 cxd4 4. Nxd4 Nf6 5. Nc3 a6 6. Bg5 e6 7. f4 Nbd7 8. Qe2
Qc7 9. O-O-O Be7 10. g4 b5 11. a3 Bb7 12. Bg2 O-O-O 13. Bh4 Nc5 14. Bg3 Rhe8
15. g5 Nfd7 16. Qh5 g6 17. Qxh7 Rf8 18. Qh3 Nb6 19. Qg4 Kb8 20. Kb1 Rc8 21. Qe2
Rfe8 22. Rhe1 Nc4 23. Ndxb5 Qb6 24. Qxc4 Nxe4 25. Qe2 Nxc3+ 26. Nxc3 Bxg2 27.
Qxg2 Rxc3 28. Bf2 Qc6 29. Qxc6 Rxc6 30. Bd4 Rec8 31. Re2 d5 32. Be5+ Bd6 33.
Rf1 Rg8 34. Rf3 Kc8 35. Rh3 Kd8 36. Ree3 Ke7 37. Rb3 Bxe5 38. fxe5 Rc7 39. Rb6
Ra8 40. Rh4 a5 41. Ra4 Rca7 42. Rb5 Kd7 43. Rc5 Ra6 44. c3 R6a7 45. Ka2 Ra6 46.
Rf4 Rf8 47. c4 Rc6 48. Rxa5 Rxc4 49. Rxc4 dxc4 50. Rc5 Rh8 51. Rxc4 Rxh2 52. a4
Re2 53. Rc5 Rg2 54. a5 Rxg5 55. a6 Rh5 56. b4 g5 57. a7 Rh8 58. b5 g4 59. b6
Ra8 60. Rc7+ 1-0

[Event "BL 0708 Erfurter SK - SV Wattenscheid"]
[Site "?"]
[Date "2007.12.08"]
[Round "6.2"]
[White "Votava, Jan"]
[Black "Rustemov, Alexander"]
[Result "1/2-1/2"]
[WhiteElo "2546"]
[BlackElo "2552"]
[PlyCount "33"]
[EventDate "2007.??.??"]

1. d4 d5 2. Nf3 Nf6 3. e3 g6 4. c4 Bg7 5. Nc3 O-O 6. Be2 c5 7. dxc5 Qa5 8. Bd2
Qxc5 9. cxd5 Nxd5 10. Rc1 Nc6 11. O-O Nxc3 12. Bxc3 Qb6 13. Bxg7 Kxg7 14. Qd2
f6 15. Qc3 Bd7 16. Rfd1 Rfd8 17. Nd4 1/2-1/2

[Event "BL 0708 Erfurter SK - SV Wattenscheid"]
[Site "?"]
[Date "2007.12.08"]
[Round "6.3"]
[White "Appel, Ralf"]
[Black "Haba, Petr"]
[Result "1/2-1/2"]
[WhiteElo "2529"]
[BlackElo "2525"]
[PlyCount "29"]
[EventDate "2007.??.??"]

1. Nf3 Nf6 2. c4 c6 3. g3 d5 4. Qc2 dxc4 5. Qxc4 b5 6. Qb3 Bb7 7. Bg2 e6 8. O-O
Nbd7 9. d4 a6 10. a4 c5 11. axb5 Bd5 12. Qc2 Be4 13. Qb3 Bd5 14. Qc2 Be4 15.
Qb3 1/2-1/2

[Event "BL 0708 Erfurter SK - SV Wattenscheid"]
[Site "?"]
[Date "2007.12.08"]
[Round "6.4"]
[White "Kuczynski, Robert"]
[Black "Holzke, Frank Dr"]
[Result "1-0"]
[WhiteElo "2483"]
[BlackElo "2485"]
[PlyCount "148"]
[EventDate "2007.??.??"]

1. e4 e5 2. Nf3 Nc6 3. Bc4 Bc5 4. c3 Nf6 5. d3 d6 6. O-O O-O 7. Nbd2 a6 8. Bb3
Ba7 9. h3 h6 10. Re1 Be6 11. Nf1 Re8 12. N3h2 Bxb3 13. axb3 Qd7 14. Qf3 Qe6 15.
b4 d5 16. Ng3 dxe4 17. dxe4 Ne7 18. Ng4 Nxg4 19. hxg4 c6 20. Nf5 Rad8 21. Be3
Bxe3 22. Qxe3 Rd7 23. Rad1 Red8 24. Qe2 Kf8 25. Rxd7 Qxd7 26. Ne3 Ng6 27. g3
Qd2 28. Kf1 Qxe2+ 29. Kxe2 f6 30. Nc4 Ke7 31. Na5 Rd7 32. Rd1 Rc7 33. Nc4 Rd7
34. Ne3 Rc7 35. Nf5+ Ke8 36. Ke3 Nf8 37. Rd6 g6 38. Nxh6 Rh7 39. g5 fxg5 40.
Ng4 Ke7 41. Rd1 Ke6 42. Ke2 Nd7 43. Ne3 Nf6 44. Kf3 Rf7 45. Nc4 Rf8 46. Na5
Ne8+ 47. Ke3 Nd6 48. Nb3 Rh8 49. Nd2 g4 50. Ra1 Rh2 51. Ke2 Nf7 52. Nc4 Nd6 53.
Nd2 Nf7 54. Rd1 Ng5 55. Ke3 Nh3 56. Rf1 Ng5 57. Nb3 Kd6 58. Na5 Kc7 59. Nc4 Nf7
60. Ke2 Rh8 61. Rd1 g5 62. Ke3 b5 63. Nd2 Nd6 64. Ke2 Rh2 65. Rf1 Kb6 66. Kd3
c5 67. bxc5+ Kxc5 68. b4+ Kb6 69. c4 bxc4+ 70. Nxc4+ Nxc4 71. Kxc4 Kc6 72. Ra1
Kb6 73. Ra2 Rh8 74. Ra5 Re8 1-0

[Event "BL 0708 Erfurter SK - SV Wattenscheid"]
[Site "?"]
[Date "2007.12.08"]
[Round "6.5"]
[White "Handke, Florian"]
[Black "Mueller, Matthias"]
[Result "1-0"]
[WhiteElo "2497"]
[BlackElo "2405"]
[PlyCount "77"]
[EventDate "2007.??.??"]

1. e4 e5 2. Nf3 Nc6 3. Bb5 a6 4. Ba4 Nf6 5. d3 b5 6. Bb3 Be7 7. O-O O-O 8. Re1
d6 9. c3 Na5 10. Bc2 c5 11. Nbd2 Nd7 12. Nf1 Nb6 13. Ng3 Nc6 14. h3 Be6 15. d4
cxd4 16. cxd4 exd4 17. Ne2 Nb4 18. Bb1 d3 19. Nf4 Rc8 20. Nxe6 fxe6 21. Nd4 Bh4
22. Rf1 Bxf2+ 23. Rxf2 Rxf2 24. Kxf2 Qh4+ 25. Kg1 Qxe4 26. Nf3 Nc2 27. Bxc2
Rxc2 28. Nd2 Qd4+ 29. Kh1 Nc4 30. Qh5 g6 31. Qg5 Qd5 32. Qd8+ Kg7 33. Qe7+ Kg8
34. Qe8+ Kg7 35. Qe7+ Kg8 36. Nf3 d2 37. Bxd2 Nxd2 38. Ng5 Qf5 39. Nxe6 1-0

[Event "BL 0708 Erfurter SK - SV Wattenscheid"]
[Site "?"]
[Date "2007.12.08"]
[Round "6.6"]
[White "Enders, Peter"]
[Black "Dinstuhl, Volkmar Dr"]
[Result "1/2-1/2"]
[WhiteElo "2441"]
[BlackElo "2435"]
[PlyCount "87"]
[EventDate "2007.??.??"]

1. e4 e5 2. Nf3 Nc6 3. Bb5 a6 4. Ba4 Nf6 5. O-O Be7 6. Re1 b5 7. Bb3 d6 8. c3
O-O 9. h3 Re8 10. d4 Bb7 11. Nbd2 Bf8 12. a4 Na5 13. Bc2 b4 14. Bd3 d5 15. exd5
exd4 16. Rxe8 Qxe8 17. c4 c6 18. dxc6 Qxc6 19. b3 Bc5 20. Bb2 Re8 21. Qc2 g6
22. Re1 Rxe1+ 23. Nxe1 Qe6 24. Nef3 Bxf3 25. Nxf3 Nc6 26. Bc1 Ne5 27. Nxe5 Qxe5
28. Qe2 Qxe2 29. Bxe2 Ne4 30. Bd3 f5 31. f3 Nd6 32. g4 Kf7 33. Kf2 Kf6 34. Ke2
Ke5 35. f4+ Ke6 36. Kf3 a5 37. Bc2 Nb7 38. gxf5+ gxf5 39. Bb2 Nd6 40. Bd3 Kf6
41. Bc1 Kg6 42. Be2 Ne4 43. Bd3 Nd6 44. Be2 1/2-1/2

[Event "BL 0708 Erfurter SK - SV Wattenscheid"]
[Site "?"]
[Date "2007.12.08"]
[Round "6.7"]
[White "Straeter, Timo"]
[Black "Casper, Thomas"]
[Result "1/2-1/2"]
[WhiteElo "2325"]
[BlackElo "2421"]
[PlyCount "44"]
[EventDate "2007.??.??"]

1. d4 Nf6 2. c4 d6 3. Nc3 Nbd7 4. Nf3 e5 5. Bg5 Be7 6. e3 c6 7. Qc2 h6 8. Bh4
Nh5 9. Bxe7 Qxe7 10. O-O-O Nhf6 11. Bd3 O-O 12. Rhg1 Re8 13. Bf5 g6 14. Bxd7
Bxd7 15. h3 Be6 16. dxe5 dxe5 17. Nxe5 Qc5 18. Nd3 Qxc4 19. Nf4 Bf5 20. Qa4
Qxa4 21. Nxa4 Rad8 22. Nc5 Bc8 1/2-1/2

[Event "BL 0708 Erfurter SK - SV Wattenscheid"]
[Site "?"]
[Date "2007.12.08"]
[Round "6.8"]
[White "Voekler, Bernd"]
[Black "Thiel, Thomas"]
[Result "1-0"]
[WhiteElo "2371"]
[BlackElo "2283"]
[PlyCount "87"]
[EventDate "2007.??.??"]

1. e4 c5 2. Nf3 e6 3. c4 Nc6 4. Nc3 Nf6 5. Be2 d5 6. exd5 exd5 7. d4 cxd4 8.
Nxd4 Be7 9. O-O O-O 10. Be3 Nxd4 11. Qxd4 dxc4 12. Qxc4 Be6 13. Qa4 Bd7 14. Qf4
Bc6 15. Rfd1 Qa5 16. a3 Nh5 17. Qc4 Nf6 18. b4 Qf5 19. b5 Bd7 20. Nd5 Nxd5 21.
Rxd5 Qf6 22. Bd4 Qe6 23. Bf3 a6 24. Qc3 Rac8 25. Qd2 Bxb5 26. Re1 Qh6 27. Qxh6
gxh6 28. h3 Bxa3 29. Re4 Bd3 30. Re3 Bc4 31. Rxa3 Bxd5 32. Bxd5 Rc1+ 33. Kh2
Rd8 34. Rg3+ Kf8 35. Bg7+ Ke7 36. Re3+ Kd6 37. Bxb7 Kc7 38. Bxa6 Rdd1 39. Bxh6
Rh1+ 40. Kg3 Rc6 41. Bf4+ Kb6 42. Bd3 h5 43. Be4 Rc4 44. Bd5 1-0

[Event "BL 0708 SC Eppingen - SV Mülheim Nord"]
[Site "?"]
[Date "2007.12.08"]
[Round "6.2"]
[White "Balogh, Csaba"]
[Black "Fridman, Daniel"]
[Result "1/2-1/2"]
[WhiteElo "2561"]
[BlackElo "2621"]
[PlyCount "39"]
[EventDate "2007.??.??"]

1. e4 e5 2. Nf3 Nf6 3. Nxe5 d6 4. Nf3 Nxe4 5. Nc3 Nxc3 6. dxc3 Be7 7. Be3 Nc6
8. Qd2 O-O 9. O-O-O Ne5 10. h4 Bg4 11. Be2 Qc8 12. h5 h6 13. Nxe5 Bxe2 14. Qxe2
dxe5 15. Qc4 c6 16. g4 b5 17. Qe4 Qe6 18. Kb1 Rfd8 19. Rd3 Rxd3 20. cxd3
1/2-1/2

[Event "BL 0708 SC Eppingen - SV Mülheim Nord"]
[Site "?"]
[Date "2007.12.08"]
[Round "6.3"]
[White "Potkin, Vladimir"]
[Black "Guliyev, Namig"]
[Result "1-0"]
[WhiteElo "2612"]
[BlackElo "2560"]
[PlyCount "73"]
[EventDate "2007.??.??"]

1. d4 d5 2. c4 c6 3. Nc3 dxc4 4. e3 e5 5. Bxc4 exd4 6. exd4 Nf6 7. Nf3 Be7 8.
O-O O-O 9. Ne5 Nbd7 10. Qb3 Nxe5 11. dxe5 Ng4 12. e6 Qd6 13. exf7+ Kh8 14. g3
b5 15. Bf4 Qg6 16. Nxb5 cxb5 17. Bd5 Bd7 18. Rae1 Bd6 19. Bxd6 Qxd6 20. Bxa8
Rxa8 21. Rd1 Qe6 22. Qf3 Rf8 23. Rfe1 Qh6 24. Rxd7 Qxh2+ 25. Kf1 Qh3+ 26. Kg1
Qh2+ 27. Kf1 Qh3+ 28. Ke2 Nh2 29. Qd5 Qg4+ 30. Ke3 Qb4 31. Rh1 Ng4+ 32. Kf3 Nf6
33. Qd4 Qxd4 34. Rxd4 Rxf7 35. Rd8+ Ng8+ 36. Kg2 h6 37. Rhd1 1-0

[Event "BL 0708 SC Eppingen - SV Mülheim Nord"]
[Site "?"]
[Date "2007.12.08"]
[Round "6.4"]
[White "Medvegy, Zoltan"]
[Black "Golod, Vitali"]
[Result "1/2-1/2"]
[WhiteElo "2512"]
[BlackElo "2586"]
[PlyCount "37"]
[EventDate "2007.??.??"]

1. d4 d5 2. c4 dxc4 3. Nf3 c6 4. e3 Be6 5. a4 Nf6 6. Na3 Bd5 7. Nxc4 e6 8. Be2
c5 9. O-O Nc6 10. Nce5 Nxe5 11. Nxe5 Bd6 12. Bb5+ Ke7 13. b3 cxd4 14. exd4 Qc7
15. Bg5 Bxe5 16. dxe5 Qxe5 17. Qd2 Kf8 18. Rfe1 Ne4 19. Qb4+ 1/2-1/2

[Event "BL 0708 SC Eppingen - SV Mülheim Nord"]
[Site "?"]
[Date "2007.12.08"]
[Round "6.5"]
[White "Levin, Felix"]
[Black "Vogt, Lothar"]
[Result "1-0"]
[WhiteElo "2552"]
[BlackElo "2473"]
[PlyCount "79"]
[EventDate "2007.??.??"]

1. d4 Nf6 2. c4 g6 3. Nc3 Bg7 4. e4 d6 5. h3 O-O 6. Be3 Nbd7 7. Nf3 a6 8. e5
Ne8 9. Be2 c6 10. exd6 Nxd6 11. c5 Nb5 12. Na4 Qa5+ 13. Kf1 Qc7 14. Qd2 b6 15.
Bf4 Qa7 16. Rc1 Bb7 17. Bh6 bxc5 18. dxc5 Nf6 19. Bxg7 Kxg7 20. h4 h5 21. Qe3
Rad8 22. Rh3 Bc8 23. Rg3 Bf5 24. Ng5 Qc7 25. Nb6 a5 26. Kg1 Nd4 27. Bf1 Bg4 28.
Bd3 Nf5 29. Bxf5 Bxf5 30. Nc4 Rd5 31. Qa3 Qf4 32. Ne3 Bg4 33. Qc3 Rd7 34. Nxg4
hxg4 35. Qe3 Qc7 36. Ne4 Nh5 37. Rxg4 Rfd8 38. g3 Rd3 39. Qe2 Qe5 40. Rg5 1-0

[Event "BL 0708 SC Eppingen - SV Mülheim Nord"]
[Site "?"]
[Date "2007.12.08"]
[Round "6.6"]
[White "Meinhardt, Maximillian"]
[Black "Saltaev, Mihail"]
[Result "0-1"]
[WhiteElo "2390"]
[BlackElo "2511"]
[PlyCount "112"]
[EventDate "2007.??.??"]

1. e4 c6 2. d4 d5 3. exd5 cxd5 4. c4 Nf6 5. Nc3 e6 6. Nf3 Be7 7. cxd5 Nxd5 8.
Bd3 O-O 9. a3 Nc6 10. h4 f5 11. Bg5 Bf6 12. Qd2 Qd6 13. Bb5 Bd7 14. Bxf6 Rxf6
15. Bxc6 Bxc6 16. Ne5 Ne7 17. Qf4 Rd8 18. Rd1 Ng6 19. Qh2 f4 20. O-O Rf5 21.
Nxc6 Qxc6 22. h5 Nf8 23. Rfe1 Qb6 24. h6 Rxd4 25. hxg7 Kxg7 26. Rxd4 Qxd4 27.
Rd1 Qe5 28. Qh4 Rf7 29. Qd8 Ng6 30. Qd3 f3 31. g3 Qh5 32. Ne4 Qh3 33. Qf1 Qg4
34. Nd6 Rf8 35. Kh2 Ne5 36. Qh3 Qg6 37. Qh4 Ng4+ 38. Kg1 Kg8 39. Nxb7 Nxf2 40.
Rd8 Ng4 41. Rxf8+ Kxf8 42. Qd8+ Qe8 43. Qg5 Qg6 44. Qd8+ Kg7 45. Qe7+ Kh6 46.
Qf8+ Qg7 47. Qf4+ Kh5 48. Qxf3 Qd4+ 49. Kf1 Kg5 50. Ke1 h5 51. b4 Ne5 52. Qe2
Qc3+ 53. Kd1 Nf3 54. Qb5+ e5 55. Qd5 Qe1+ 56. Kc2 Nd4+ 0-1

[Event "BL 0708 SC Eppingen - SV Mülheim Nord"]
[Site "?"]
[Date "2007.12.08"]
[Round "6.7"]
[White "Hausrath, Daniel"]
[Black "Miltner, Arndt"]
[Result "1/2-1/2"]
[WhiteElo "2499"]
[BlackElo "2363"]
[PlyCount "46"]
[EventDate "2007.??.??"]

1. Nf3 d6 2. d4 Nf6 3. g3 c6 4. Bg2 g6 5. O-O Bg7 6. b3 O-O 7. Bb2 a5 8. c4 Na6
9. Nc3 Rb8 10. e4 b5 11. e5 Ne8 12. exd6 exd6 13. cxb5 cxb5 14. d5 a4 15. a3
axb3 16. Nd4 Bd7 17. Nxb3 Qb6 18. Rb1 b4 19. axb4 Qxb4 20. Ne4 Qxb3 21. Qxb3
Rxb3 22. Bxg7 Rxb1 23. Bxf8 Rxf1+ 1/2-1/2

[Event "BL 0708 SC Eppingen - SV Mülheim Nord"]
[Site "?"]
[Date "2007.12.08"]
[Round "6.8"]
[White "Schulze, Ulrich"]
[Black "Schebler, Gerhard"]
[Result "1/2-1/2"]
[WhiteElo "2309"]
[BlackElo "2458"]
[PlyCount "67"]
[EventDate "2007.??.??"]

1. d4 Nf6 2. Nf3 g6 3. c4 Bg7 4. g3 O-O 5. Bg2 c6 6. Nc3 d6 7. O-O Qa5 8. e4 e5
9. d5 cxd5 10. cxd5 b5 11. Nd2 b4 12. Nb3 Qa6 13. Nb1 Bg4 14. f3 Qb6+ 15. Kh1
Bd7 16. Re1 a5 17. Be3 Qb7 18. a4 bxa3 19. Rxa3 a4 20. N3d2 Qxb2 21. Nb3 Bb5
22. Bf1 Bxf1 23. Rxf1 Nbd7 24. Rf2 Qxb3 25. Rxb3 axb3 26. Rb2 Rfc8 27. Qxb3 Nc5
28. Bxc5 Rxc5 29. Na3 h5 30. h4 Rc1+ 31. Kg2 Nd7 32. Nb5 Bf8 33. Qe3 Rc5 34.
Na3 1/2-1/2

[Event "BL 0708 TV Tegernsee - SF Katernberg"]
[Site "?"]
[Date "2007.12.08"]
[Round "6.2"]
[White "Khenkin, Igor"]
[Black "Glek, Igor V"]
[Result "1/2-1/2"]
[WhiteElo "2600"]
[BlackElo "2543"]
[PlyCount "29"]
[EventDate "2007.??.??"]

1. d4 e6 2. c4 Bb4+ 3. Bd2 Bxd2+ 4. Qxd2 f5 5. Nc3 Nf6 6. g3 O-O 7. Bg2 d5 8.
Nf3 c6 9. O-O Nbd7 10. Qc2 Ne4 11. e3 Qe7 12. Ne2 g5 13. Rfc1 a5 14. b3 b6 15.
Qb2 1/2-1/2

[Event "BL 0708 TV Tegernsee - SF Katernberg"]
[Site "?"]
[Date "2007.12.08"]
[Round "6.3"]
[White "Postny, Evgeny"]
[Black "Sokolov, Andrei"]
[Result "1-0"]
[WhiteElo "2599"]
[BlackElo "2588"]
[PlyCount "53"]
[EventDate "2007.??.??"]

1. d4 Nf6 2. c4 e6 3. Nf3 Bb4+ 4. Bd2 Qe7 5. g3 Nc6 6. Nc3 Bxc3 7. Bxc3 Ne4 8.
Rc1 O-O 9. Bg2 Nxc3 10. Rxc3 d6 11. d5 Nb4 12. a3 Na6 13. O-O e5 14. b4 Nb8 15.
c5 a5 16. Nd2 axb4 17. axb4 Na6 18. Qb1 Rb8 19. Rfc1 c6 20. cxd6 Qxd6 21. Nc4
Qxb4 22. Rb3 Qa4 23. dxc6 Bf5 24. Nb6 Qg4 25. e4 Be6 26. Ra3 Rfd8 27. Bf3 1-0

[Event "BL 0708 TV Tegernsee - SF Katernberg"]
[Site "?"]
[Date "2007.12.08"]
[Round "6.5"]
[White "Chuchelov, Vladimir"]
[Black "Rozentalis, Eduardas"]
[Result "1-0"]
[WhiteElo "2544"]
[BlackElo "2581"]
[PlyCount "77"]
[EventDate "2007.??.??"]

1. Nf3 Nf6 2. c4 e6 3. g3 b6 4. Bg2 Bb7 5. d4 Be7 6. Nc3 Ne4 7. Bd2 Nxc3 8.
Bxc3 d5 9. Nd2 f5 10. O-O O-O 11. b4 Nd7 12. Qb3 Nf6 13. b5 a5 14. Rac1 dxc4
15. Qxc4 Bd5 16. Qd3 Rc8 17. Bxd5 Qxd5 18. a4 Rfd8 19. Nc4 Ne4 20. Bb2 Bf6 21.
Rfd1 Ng5 22. f3 h5 23. Ne3 Qd7 24. Qb3 f4 25. Ng2 Nh3+ 26. Kf1 fxg3 27. hxg3 c6
28. bxc6 Rxc6 29. f4 Qb7 30. Qb5 h4 31. Qh5 Rdc8 32. Qg4 Rxc1 33. Bxc1 Qe4 34.
Qxh3 Bxd4 35. gxh4 Bc5 36. Qb3 Kf7 37. Bd2 Qd4 38. Be3 Qa1 39. Kf2 1-0

[Event "BL 0708 TV Tegernsee - SF Katernberg"]
[Site "?"]
[Date "2007.12.08"]
[Round "6.6"]
[White "Teske, Henrik"]
[Black "Firman, Nazar"]
[Result "1/2-1/2"]
[WhiteElo "2518"]
[BlackElo "2526"]
[PlyCount "135"]
[EventDate "2007.??.??"]

1. Nf3 f5 2. d4 Nf6 3. c4 g6 4. Nc3 Bg7 5. Bf4 O-O 6. e3 d6 7. c5 Kh8 8. Bc4
Qe8 9. O-O h6 10. Rc1 g5 11. Bg3 Bd7 12. b4 Nc6 13. d5 Nxb4 14. a3 Na6 15. c6
Bc8 16. cxb7 Bxb7 17. Nd4 Qg6 18. Ne6 Rg8 19. Qa4 Nc5 20. Nxc5 dxc5 21. Qb5 f4
22. exf4 gxf4 23. Bxf4 Nh5 24. Bxc7 Bxc3 25. g3 Bd4 26. Qxb7 Raf8 27. Rcd1 Qg4
28. Qb3 Rg7 29. d6 e5 30. Be6 Qe4 31. Bd5 Qe2 32. Rxd4 exd4 33. Bc4 Qe4 34. Bd5
Qe2 35. Bc4 Qe5 36. Qd1 Nf4 37. Qd2 Qg5 38. Qe1 d3 39. Qe4 Qg4 40. Bxd3 c4 41.
Bc2 Nh3+ 42. Kg2 Nf4+ 43. Kh1 Qh3 44. Kg1 Ne6 45. Ba5 Ng5 46. Qg2 Qe6 47. Bc3
Nf3+ 48. Kh1 Qxd6 49. Bb4 Qf6 50. Bxf8 Qxf8 51. Qh3 Re7 52. Qh5 Nd4 53. Qd1 Qf6
54. f3 Re2 55. Be4 Qe5 56. Qc1 Kg7 57. Qc3 Nxf3 58. Rxf3 Qxc3 59. Rxc3 Rxe4 60.
Kg2 Kf6 61. Kf3 Kf5 62. h3 Rd4 63. Re3 Rd5 64. g4+ Kg5 65. Kg3 Rb5 66. h4+ Kf6
67. Kf4 Rb3 68. Ke4 1/2-1/2

[Event "BL 0708 SC Remagen - SK Zehlendorf"]
[Site "?"]
[Date "2007.12.09"]
[Round "6.1"]
[White "Predojevic, Borki"]
[Black "Avrukh, Boris"]
[Result "1/2-1/2"]
[WhiteElo "2645"]
[BlackElo "2641"]
[PlyCount "46"]
[EventDate "2007.??.??"]

1. e4 c5 2. Nf3 e6 3. d4 cxd4 4. Nxd4 a6 5. Bd3 Bc5 6. Nb3 Be7 7. O-O d6 8. Qe2
Nc6 9. f4 Qc7 10. Nc3 Nf6 11. Bd2 b5 12. Rae1 b4 13. Nd1 a5 14. c3 e5 15. Ne3
a4 16. Nc1 a3 17. bxa3 Rxa3 18. cxb4 Nd4 19. Qd1 O-O 20. Nb3 Be6 21. Bb1 Nxb3
22. axb3 Bxb3 23. Qe2 Be6 1/2-1/2

[Event "BL 0708 SC Remagen - SK Zehlendorf"]
[Site "?"]
[Date "2007.12.09"]
[Round "6.2"]
[White "Goloshchapov, Alexander"]
[Black "Maksimenko, Andrei"]
[Result "1/2-1/2"]
[WhiteElo "2563"]
[BlackElo "2505"]
[PlyCount "38"]
[EventDate "2007.??.??"]

1. d4 d5 2. c4 dxc4 3. Nf3 a6 4. e3 b5 5. a4 Bb7 6. b3 cxb3 7. axb5 axb5 8.
Bxb5+ c6 9. Ba4 Qb6 10. Nbd2 Nd7 11. Nxb3 e6 12. O-O Ngf6 13. Bd2 Bb4 14. Qc2
O-O 15. Bxb4 Qxb4 16. Nbd2 Qe7 17. Rab1 Ra7 18. Rfc1 Rfa8 19. Bb3 c5 1/2-1/2

[Event "BL 0708 SC Remagen - SK Zehlendorf"]
[Site "?"]
[Date "2007.12.09"]
[Round "6.3"]
[White "Novikov, Stanislav"]
[Black "Degraeve, Jean-Marc"]
[Result "1-0"]
[WhiteElo "2534"]
[BlackElo "2546"]
[PlyCount "83"]
[EventDate "2007.??.??"]

1. e4 e6 2. Qe2 e5 3. g3 Nc6 4. Bg2 g6 5. c3 Bg7 6. f4 d6 7. Nf3 Nge7 8. d3 O-O
9. Be3 f5 10. Nbd2 fxe4 11. dxe4 exf4 12. gxf4 Bh6 13. O-O Bxf4 14. Bxf4 Rxf4
15. Qc4+ Kg7 16. Qb3 Qg8 17. c4 h6 18. e5 dxe5 19. Nxe5 Rxf1+ 20. Rxf1 Nxe5 21.
Qc3 Kh7 22. Qxe5 Qg7 23. Qxc7 Nf5 24. Qd8 Qxb2 25. Rb1 Qh8 26. Qxh8+ Kxh8 27.
Bxb7 Bxb7 28. Rxb7 Rd8 29. Ne4 Nd6 30. Nxd6 Rxd6 31. Rxa7 Rc6 32. Ra4 Kg7 33.
Kf2 Kf6 34. Ke3 g5 35. Rb4 Kf5 36. a4 Kg4 37. Kd4 Kh3 38. Rb2 g4 39. Kd5 Rc8
40. c5 h5 41. c6 h4 42. Kd6 1-0

[Event "BL 0708 SC Remagen - SK Zehlendorf"]
[Site "?"]
[Date "2007.12.09"]
[Round "6.4"]
[White "Popovic, Petar"]
[Black "Savchenko, Boris"]
[Result "1/2-1/2"]
[WhiteElo "2474"]
[BlackElo "2583"]
[PlyCount "44"]
[EventDate "2007.??.??"]

1. e4 c6 2. d4 d5 3. Nd2 dxe4 4. Nxe4 Bf5 5. Ng3 Bg6 6. N1e2 e6 7. Nf4 Bd6 8.
Ngh5 Nf6 9. Nxf6+ Qxf6 10. Nxg6 hxg6 11. g3 Nd7 12. Bg2 Qf5 13. c3 O-O-O 14.
Be3 Nf6 15. Qe2 g5 16. h3 g4 17. h4 e5 18. O-O-O exd4 19. Rxd4 Bc5 20. Rxd8+
Rxd8 21. Bxc5 Qxc5 22. Rd1 Re8 1/2-1/2

[Event "BL 0708 SC Remagen - SK Zehlendorf"]
[Site "?"]
[Date "2007.12.09"]
[Round "6.5"]
[White "Berczes, David"]
[Black "Mainka, Romuald"]
[Result "0-1"]
[WhiteElo "2430"]
[BlackElo "2496"]
[PlyCount "78"]
[EventDate "2007.??.??"]

1. d4 d5 2. c4 dxc4 3. Nf3 Nf6 4. e3 e6 5. Bxc4 a6 6. O-O c5 7. Bd3 Nbd7 8. Nc3
b5 9. a4 b4 10. Ne4 Bb7 11. Ned2 Be7 12. Qe2 O-O 13. e4 cxd4 14. e5 Nd5 15. Nb3
Nc7 16. Nfxd4 Bd5 17. Bf4 Re8 18. Rac1 Nf8 19. Nc6 Bxc6 20. Rxc6 Qd7 21. Rfc1
Nd5 22. Bd2 Ng6 23. Qe4 a5 24. g3 Red8 25. Bb5 Qb7 26. h4 Qb8 27. Re1 Bf8 28.
Rc2 Nge7 29. Rec1 Qb6 30. Kg2 Rac8 31. Rxc8 Rxc8 32. Rxc8 Nxc8 33. f4 Nce7 34.
Qd4 Qc7 35. Qc5 Qb8 36. Kh2 Nf5 37. Qc6 Qa7 38. Kg2 Nfe3+ 39. Bxe3 Qxe3 0-1

[Event "BL 0708 SC Remagen - SK Zehlendorf"]
[Site "?"]
[Date "2007.12.09"]
[Round "6.6"]
[White "Belkhodja, Slim"]
[Black "Prohaszka, Peter"]
[Result "1/2-1/2"]
[WhiteElo "2476"]
[BlackElo "2470"]
[PlyCount "32"]
[EventDate "2007.??.??"]

1. e4 c6 2. d4 d5 3. exd5 cxd5 4. c4 Nf6 5. Nc3 Nc6 6. Bg5 e6 7. cxd5 exd5 8.
Nf3 Be7 9. Bb5 O-O 10. Bxc6 bxc6 11. Ne5 Ba6 12. Qa4 Qb6 13. O-O-O Bb5 14. Nxb5
cxb5 15. Qb3 Rfd8 16. Kb1 a5 1/2-1/2

[Event "BL 0708 SC Remagen - SK Zehlendorf"]
[Site "?"]
[Date "2007.12.09"]
[Round "6.7"]
[White "Meister, Jakov"]
[Black "Boidman, Yuri"]
[Result "1-0"]
[WhiteElo "2491"]
[BlackElo "2450"]
[PlyCount "75"]
[EventDate "2007.??.??"]

1. e4 d5 2. exd5 Nf6 3. Bb5+ Bd7 4. Bc4 Bg4 5. f3 Bc8 6. Nc3 Nbd7 7. d4 Nb6 8.
Bb3 Nfxd5 9. Nxd5 Nxd5 10. c4 Nf6 11. Be3 e6 12. Ne2 Be7 13. Qd2 O-O 14. O-O c6
15. Nc3 Qc7 16. Qf2 b6 17. Rfe1 Bb7 18. Rad1 Rad8 19. Bc2 Rfe8 20. Qh4 g6 21.
Bf4 Nh5 22. Bxc7 Bxh4 23. Re4 Rd7 24. Bxb6 axb6 25. Rxh4 e5 26. dxe5 Rxd1+ 27.
Bxd1 c5 28. f4 Rd8 29. Bxh5 gxh5 30. Rxh5 Rd4 31. Rh6 Rd2 32. Nd5 Bxd5 33. cxd5
Rxb2 34. Rc6 Rxa2 35. Rxb6 c4 36. Rc6 Rd2 37. d6 Rd4 38. g3 1-0